Special libraries in the electronic environment / (Record no. 122912)
[ view plain ]
| 000 -LEADER | |
|---|---|
| fixed length control field | 00861nam a22002657a 4500 |
| 003 - CONTROL NUMBER IDENTIFIER | |
| control field | dpl |
| 005 - DATE AND TIME OF LATEST TRANSACTION | |
| control field | 20180807115613.0 |
| 008 - FIXED-LENGTH DATA ELEMENTS--GENERAL INFORMATION | |
| fixed length control field | 180807b xxu||||| |||| 00| 0 eng d |
| 010 ## - LIBRARY OF CONGRESS CONTROL NUMBER | |
| LC control number | B-220504 |
| 020 ## - INTERNATIONAL STANDARD BOOK NUMBER | |
| Terms of availability | 795.00 |
| International Standard Book Number | 9788185040899 |
| 035 ## - SYSTEM CONTROL NUMBER | |
| System control number | B-220504, B-220505 |
| 037 ## - SOURCE OF ACQUISITION | |
| Source of stock number/acquisition | Cen Lib/Ret |
| 040 ## - CATALOGING SOURCE | |
| Original cataloging agency | DPL |
| Language of cataloging | EN |
| Transcribing agency | 0 |
| 082 ## - DEWEY DECIMAL CLASSIFICATION NUMBER | |
| Classification number | 026 |
| Item number | SIN |
| 100 ## - MAIN ENTRY--PERSONAL NAME | |
| Personal name | Singh, S. P. |
| 9 (RLIN) | 3047 |
| 245 ## - TITLE STATEMENT | |
| Title | Special libraries in the electronic environment / |
| Statement of responsibility, etc | by S. P. Singh [and] Krishan Kumar |
| 260 ## - PUBLICATION, DISTRIBUTION, ETC. (IMPRINT) | |
| Place of publication, distribution, etc | New Delhi |
| Name of publisher, distributor, etc | Bookwell |
| Date of publication, distribution, etc | 2005 |
| 270 ## - ADDRESS | |
| City | New Delhi |
| Address | 24/4800 Ansari Road, Darya Ganj |
| Postal code | 110002 |
| 300 ## - PHYSICAL DESCRIPTION | |
| Extent | xvii,402p. |
| Dimensions | 22cm(Hb) |
| 500 ## - GENERAL NOTE | |
| General note | Includes bibliographical references and index |
| 650 ## - SUBJECT ADDED ENTRY--TOPICAL TERM | |
| Topical term or geographic name as entry element | Library Science |
| 9 (RLIN) | 105162 |
| 650 ## - SUBJECT ADDED ENTRY--TOPICAL TERM | |
| Topical term or geographic name as entry element | Services-Special Libraries |
| 9 (RLIN) | 3049 |
| 700 ## - ADDED ENTRY--PERSONAL NAME | |
| Personal name | Krishan Kumar |
| 9 (RLIN) | 105163 |
| 942 ## - ADDED ENTRY ELEMENTS (KOHA) | |
| Source of classification or shelving scheme | Dewey Decimal Classification |
| Koha item type | English Books |
| Classification part | 026 |
| Call number suffix | SIN |
| Withdrawn status | Lost status | Damaged status | Not for loan | Collection code | Home library | Current library | Date acquired | Source of acquisition | Cost, normal purchase price | Total Checkouts | Full call number | Barcode | Date last seen | Copy number | Cost, replacement price | Price effective from | Koha item type | Source of classification or shelving scheme |
|---|---|---|---|---|---|---|---|---|---|---|---|---|---|---|---|---|---|---|
| Not For Loan | Reference | Central Library | Central Library | 30/05/2015 | Cen Lib/Ret | 795.00 | 026 SIN | B-220504 | 30/05/2015 | 1 | 795.00 | 30/05/2015 | English Books | |||||
| Non-fiction | Patel Nagar | Patel Nagar | 07/08/2018 | BPPD/PUB | 795.00 | 026 SIN | B-220505 | 07/08/2018 | 795.00 | 07/08/2018 | English Books | Dewey Decimal Classification |
